Catalog

Record Details

Catalog Search



Graph Drawing 19th International Symposium, GD 2011, Eindhoven, The Netherlands, September 21-23, 2011, Revised Selected Papers  Cover Image E-book E-book

Graph Drawing [electronic resource] : 19th International Symposium, GD 2011, Eindhoven, The Netherlands, September 21-23, 2011, Revised Selected Papers / edited by Marc Kreveld, Bettina Speckmann.

Kreveld, Marc. (editor.). Speckmann, Bettina. (editor.). SpringerLink (Online service) (Added Author).

Electronic resources


LDR 01978nam a22004935i 4500
00141065
003CONS
00520131002042429.0
007cr nn 008mamaa
008111215s2012 gw | s |||| 0|eng d
020 . ‡a9783642258787 ‡9978-3-642-25878-7
0247 . ‡a10.1007/978-3-642-25878-7 ‡2doi
035 . ‡a(DE-He213)978-3-642-25878-7
050 4. ‡aQA76.9.M35 
072 7. ‡aPBD ‡2bicssc
072 7. ‡aUYAM ‡2bicssc
072 7. ‡aCOM018000 ‡2bisacsh
072 7. ‡aMAT008000 ‡2bisacsh
1001 . ‡aKreveld, Marc. ‡eeditor.
24510. ‡aGraph Drawing ‡h[electronic resource] : ‡b19th International Symposium, GD 2011, Eindhoven, The Netherlands, September 21-23, 2011, Revised Selected Papers / ‡cedited by Marc Kreveld, Bettina Speckmann.
264 1. ‡aBerlin, Heidelberg : ‡bSpringer Berlin Heidelberg, ‡c2012.
300 . ‡aXIV, 458 p. ‡bonline resource.
336 . ‡atext ‡btxt ‡2rdacontent
337 . ‡acomputer ‡bc ‡2rdamedia
338 . ‡aonline resource ‡bcr ‡2rdacarrier
347 . ‡atext file ‡bPDF ‡2rda
4901 . ‡aLecture Notes in Computer Science, ‡x0302-9743 ; ‡v7034
650 0. ‡aComputer science.
650 0. ‡aComputer software.
650 0. ‡aComputational complexity.
650 0. ‡aAlgebra ‡xData processing.
65014. ‡aComputer Science.
65024. ‡aDiscrete Mathematics in Computer Science.
65024. ‡aMath Applications in Computer Science.
65024. ‡aAlgorithm Analysis and Problem Complexity.
65024. ‡aModels and Principles.
65024. ‡aSymbolic and Algebraic Manipulation.
65024. ‡aUser Interfaces and Human Computer Interaction.
7001 . ‡aSpeckmann, Bettina. ‡eeditor.
7102 . ‡aSpringerLink (Online service)
7730 . ‡tSpringer eBooks
77608. ‡iPrinted edition: ‡z9783642258770
830 0. ‡aLecture Notes in Computer Science, ‡x0302-9743 ; ‡v7034
85640. ‡uhttp://biblioteca.ipicyt.edu.mx:2048/login?url=http://dx.doi.org/10.1007/978-3-642-25878-7 ‡yTexto completo ‡9CONS
950 . ‡aComputer Science (Springer-11645)
901 . ‡a41065 ‡b ‡c41065 ‡tbiblio ‡sSystem Local

Additional Resources